| 000 | 00000nam##2200000za#4500 |
| 001 | 9.615550 |
| 003 | CaOODSP |
| 005 | 20210615101151 |
| 007 | ta |
| 008 | 150406|2000||||xxc||||| f|0| 0 eng|d |
| 020 | |a0-662-31262-7 |
| 040 | |aCaOODSP|beng |
| 043 | |an-cn--- |
| 086 | 1 |aNH18-23/55-4E |
| 110 | 2 |aCanada Mortgage and Housing Corporation. |
| 245 | 10|aSpecial studies on 1996 Census data: housing Canada's children |
| 260 | |aOttawa - Ontario : |bCanada Mortgage and Housing Corporation |c2000. |
| 300 | |a6p. : |bgraphs, tables ; |c28 cm. |
| 490 | 1 |aResearch highlight. Socio-economic series |v55-4 |
| 563 | |aPamphlet |
| 590 | |a01-44|b2001-11-02 |
| 690 | 07|aHousing|2gcpds |
| 690 | 07|aChildren|2gcpds |
| 690 | 07|aCensus|2gcpds |
| 775 | 08|tÉtudes spéciales sur les données du recensement de 1996 Le logement des enfants au Canada |w(CaOODSP)9.625836 |
| 776 | 0#|tSpecial studies on 1996 Census data : |w(CaOODSP)9.571727 |
| 830 | #0|aResearch highlight. Socio-economic series ;|v55-4|w(CaOODSP)9.514827 |
| 986 | |aLNH 2267 |